In laws and outlaws (Record no. 20687)

MARC details
000 -LEADER
fixed length control field 00267nam a2200109Ia 4500
082 ## - DEWEY DECIMAL CLASSIFICATION NUMBER
Classification number 065
Item number PAR;1
100 ## - MAIN ENTRY--AUTHOR NAME
Personal name Parkinson, C Northcote
245 #0 - TITLE STATEMENT
Title In laws and outlaws
260 ## - PUBLICATION, DISTRIBUTION, ETC. (IMPRINT)
Place of publication London
Name of publisher Penguin
Year of publication 1962
942 ## - ADDED ENTRY ELEMENTS (KOHA)
Koha item type Books
Holdings
Withdrawn status Lost status Damaged status Not for loan Home library Current library Date acquired Full call number Accession Number Koha item type
        RRII Library RRII Library 16/12/2021 065 PAR;1 01409 Books